Dualita a symetria v usporiadaní verejnej správy (komparácia vybraných krajín) diplomová práca

Gespeichert in:
Bibliographische Detailangaben
1. Verfasser: Beharková, Daniela
Körperschaft: Národohospodárska fakulta EU. Katedra verejnej správy a regionálneho rozvoja
Weitere Verfasser: Žárska, Elena, 1955-
Format: Buch
Sprache:Slowakisch
Veröffentlicht: Bratislava 2011
Tags: Tag hinzufügen
Keine Tags, Fügen Sie das erste Tag hinzu!

MARC

LEADER 00000nam a2200000 4500
001 0148325
005 20240318124710.0
041 0 |a slo 
044 |a SK 
245 1 0 |a Dualita a symetria v usporiadaní verejnej správy (komparácia vybraných krajín)  |b diplomová práca  |c Daniela Beharková ; školiteľ: Elena Žárska 
264 1 |a Bratislava  |c 2011 
300 |a 68 s. 
100 1 |a Beharková, Daniela 
700 1 |a Žárska, Elena, 1955- 
710 2 |a Národohospodárska fakulta EU. Katedra verejnej správy a regionálneho rozvoja